000 00573nam a22001817a 4500
005 20231115103141.0
008 231115b |||||||| |||| 00| 0 eng d
020 _a0702128066
041 _aEnglish
082 _a344.1 RYC
100 _aRycroft, A and Jordaan, B
_lEnglish
245 _aA Guide to South African Labour Law /
_cA Rycroft and B Jordaan
250 _aSecond Edition
260 _aCape Town :
_bJuta and Company Ltd,
_c1992
300 _bxlv, 366 pages ;
_c25,5 cm.
650 _aLegal practice
_bLaw
942 _cBK
_6ALISON_BN_VRIES
999 _c668
_d668